000
00281nam a22001217a 4500
040
_c
HS
082
_a
551
100
_a
ពេជ សំណាង
245
_a
Meteorology : ឧតុនិយម
260
_a
RUA
_b
ពេជ សំណាង
_c
2008
300
_a
35p;
942
_c
KB
999
_c
10191
_d
10191